Reglamento orgánico del Cuerpo Facultativo de Archiveros, Bibliotecarios y Anticuarios, y establecimientos que del mismo dependen. (Record no. 170089)

MARC details
000 -LEADER
campo de control de longitud fija 00644nam a22001695i 4500
001 - NÚMERO DE CONTROL
campo de control 170089
003 - IDENTIFICADOR DE NÚMERO DE CONTROL
campo de control ES-MaACL
005 - FECHA Y HORA DE LA ÚLTIMA TRANSACCIÓN
campo de control 20250729015201.0
008 - DATOS DE LONGITUD FIJA--INFORMACIÓN GENERAL
campo de control de longitud fija 090128s1881 sp |||| | spa d
110 2# - ENTRADA PRINCIPAL--NOMBRE DE ENTIDAD CORPORATIVA
Nombre de entidad corporativa o nombre de jurisdicción como elemento de entrada Cuerpo Facultativo de Archiveros, Bibliotecarios y Anticuarios
9 (RLIN) 3353
245 10 - MENCIÓN DEL TÍTULO
Título Reglamento orgánico del Cuerpo Facultativo de Archiveros, Bibliotecarios y Anticuarios, y establecimientos que del mismo dependen.
250 ## - MENCION DE EDICION
Mención de edición Edición oficial.
260 ## - PUBLICACIÓN, DISTRIBUCIÓN, ETC.
Lugar de publicación, distribución, etc. Madrid :
Nombre del editor, distribuidor, etc. [s.n.],
Fecha de publicación, distribución, etc. 1881 (
Fabricante Impr. del Colegio Nacional de Sordo-Mundos y Ciegos)
300 ## - DESCRIPCIÓN FÍSICA
Extensión 32 p. ;
Dimensiones 23 cm.
852 ## - LOCALIZACIÓN
Ubicación ES-MaACL
Número de control de estantería T-914-F-2
Holdings
Estatus retirado Estado de pérdida Estado de daño No para préstamo Colección Biblioteca de origen Biblioteca actual Ubicación en estantería Fecha de adquisición Fuente de adquisición Total de préstamos Signatura topográfica completa Código de barras Visto por última vez Precio de reemplazo Tipo de ítem Koha
        Colección de folletos Biblioteca del Ateneo de Madrid Biblioteca del Ateneo de Madrid Depósito folletos 28/01/2009     T-914-F-2 1178568 23/02/2023 23/02/2023 Folleto